Laser Shock Processing and Related Phenomena (Record no. 9983)

MARC details
000 -LEADER
fixed length control field 01070nam a2200121Ia 4500
008 - FIXED-LENGTH DATA ELEMENTS--GENERAL INFORMATION
fixed length control field 220615s9999||||xx |||||||||||||| ||und||
245 #0 - TITLE STATEMENT
Title Laser Shock Processing and Related Phenomena
546 ## - LANGUAGE NOTE
Language note English[eng]
650 ## - SUBJECT ADDED ENTRY--TOPICAL TERM
Topical term or geographic name entry element laser peening||fatigue||residual stress||laser shock waves||laser peening history||laser shock peening||residual stresses||shot pattern||energy density||overlap||hole drilling||AA 2024||cladded aluminum||notch||aluminium alloys||finite element method||polymers||solid confinement||VISAR measurement||laser shock processing||plasma diagnosis||electron density||dry laser peening||femtosecond laser||shock wave||laser welding||2024 aluminum alloy||high-velocity impact welding||laser impact welding||finite element simulation||experimental analysis||microhardness||resonant fatigue resistance||roughness||aluminum alloys||handheld laser||nuclear power reactor||stress corrosion cracking||anisotropy||FEM analysis||Mg AZ31B alloy||n/a
700 ## - ADDED ENTRY--PERSONAL NAME
Personal name Ocaña, José L.||Grum, Janez
856 ## - ELECTRONIC LOCATION AND ACCESS
Uniform Resource Identifier <a href="https://mdpi.com/books/pdfview/book/2816">https://mdpi.com/books/pdfview/book/2816</a>
942 ## - ADDED ENTRY ELEMENTS (KOHA)
Koha item type E-Books
Holdings
Withdrawn status Lost status Damaged status Not for loan Home library Current library Date acquired Total Checkouts Date last seen Price effective from Koha item type
        Kerala University of Digital Sciences, Innovation and Technology Knowledge Centre Kerala University of Digital Sciences, Innovation and Technology Knowledge Centre 15/06/2022   15/06/2022 15/06/2022 E-Books